| 000 | 02075cam a2200325 i 4500 | ||
|---|---|---|---|
| 001 | 990234191670107026 | ||
| 003 | UkOxU | ||
| 005 | 20260512150052.0 | ||
| 008 | 230215s2023 deua 000 0 eng d | ||
| 020 |
_a9798345824672 _qpaperback |
||
| 035 | _a(UkOxU)023419167 | ||
| 035 | _a(UkOxU)023419167BIB01 | ||
| 035 | _a(OCoLC)1370198841 | ||
| 040 |
_aYEP _beng _erda _cYEP _dOCLCF _dUkOxU |
||
| 041 | _aEnglish | ||
| 100 |
_aClarke, Adam _c(Google certified professional), _eauthor. |
||
| 245 | 1 | 0 |
_aSEO 2025 _b: learn search engine optimization with smart internet marketing strategies _c/ Adam Clarke. |
| 246 | 3 | _aSearch engine optimization 2023 | |
| 246 | 3 | 0 | _aLearn search engine optimization with smart internet marketing strategies |
| 250 | _aExpanded & updated. | ||
| 264 | 1 |
_a[Delaware] : _bSimple Effectiveness Publishing, _c[2025] |
|
| 300 |
_a247 pages : _billustrations ; _c23 cm |
||
| 500 | _a"Free SEO checklist & video tutorials" --Cover. | ||
| 520 | _aSEO 2025 – Beginner to Advanced is a newly updated guide (August 2025) to search engine optimisation, covering everything from fundamentals to advanced strategies. It explains Google’s algorithms, keyword research, local SEO, link building, and how to adapt to the latest core updates (March and June 2025). The book also addresses the impact of AI tools such as ChatGPT and Google Gemini on search, showing how businesses can appear in AI results as well as traditional rankings. With step-by-step checklists, case studies, and tutorials, it offers practical techniques to safeguard sites from algorithm changes, recover from penalties, and build effective links. A bonus chapter introduces pay-per-click advertising with Google Ads. Positioned as one of the most comprehensive SEO handbooks available, it aims to give readers the knowledge and tools to rank highly, stay ahead of updates, and attract more customers online. | ||
| 650 | 0 |
_aWeb search engines _97488 |
|
| 650 | 0 |
_aWeb site development _97487 |
|
| 650 | 0 |
_aInternet marketing _91133 |
|
| 653 | _aGoogle | ||
| 942 | _2lcc | ||
| 999 |
_c4951 _d4951 |
||